000 00712cam a22002653a 4500
001 1457
003 PGUSA
005 20140828083001.0
008 980901s1998||||xxu|||||s|||||000 1 eng d
040 _aPGUSA
_beng
042 _adc
050 4 _aPR
100 1 _aSabatini, Rafael,
_d1875-1950
245 1 0 _aMistress Wilding
_h[electronic resource] /
_cRafael Sabatini
260 _bProject Gutenberg,
_c1998
506 _aPublic domain in the USA.
516 _aElectronic text
653 _aHistorical fiction
653 _aLove stories
653 _aAdventure stories
653 _aWar stories
830 0 _aProject Gutenberg
_v1457
856 4 0 _uhttp://www.gutenberg.org/ebooks/1457
942 _cEB
999 _c230805
_d230805